| 000 | 00856nam a22003135b 4500 | ||
|---|---|---|---|
| 001 | 000091028 | ||
| 003 | DO-SdBNP | ||
| 005 | 20180222084736.0 | ||
| 007 | 000091028 | ||
| 008 | 910415s 1989 sp spa | ||
| 016 | 7 |
_a _2BPMSU |
|
| 017 |
_a _b |
||
| 020 | _a8434825279 | ||
| 035 | _a | ||
| 040 |
_aBPMSU _bspa _cBPMSU _e |
||
| 080 | 0 | _a | |
| 100 | 1 |
_aAlcántara, Ricardo _d1946- |
|
| 245 | 1 | 3 |
_aLa segunda infancia de don Honorato / _cRicardo Alcántara ; ilustraciones, Samuel Velasco _h |
| 250 | _a 3a. ed | ||
| 260 |
_aMadrid : _bSM, _c1989. |
||
| 300 |
_a108 p.; _bil., _c17 cm |
||
| 490 |
_aCatamarán _v9 |
||
| 521 | _aA partir de 12 años. | ||
| 700 | 1 |
_aVelasco, Samuel _d1967- _eil. |
|
| 830 |
_v9 _aCatamarán |
||
| 942 |
_2ddc _cBK |
||
| 945 | _aInventariado, 2018/ YL | ||
| 956 |
_2VMATEO _310 _620160308 _8BPMSU _a00151 |
||
| 999 |
_c9148 _d9148 |
||